| 000 | 00847nam a2200253 a 4500 | ||
|---|---|---|---|
| 001 | 53158 | ||
| 003 | BD-RUjL | ||
| 005 | 20211209075923.0 | ||
| 008 | 161003s1940 nyua 000 0 eng | ||
| 035 | _a(BD-RUjL)53278 | ||
| 040 |
_dBD-RUjL _beng _aBD-RjUL _cBD-RjUL |
||
| 041 | _aeng | ||
| 082 |
_223 _a658.542 _bLOT 1960 |
||
| 100 | 1 |
_aLowry, Stewart McKinley, _9158898 |
|
| 245 | 1 | 0 |
_aTime and motion study and formulas for wage incentives / _cby Stewart M. Lowry, Harold B. Maynard [and] G. J. Stegemerten. |
| 250 | _a3d ed. | ||
| 260 |
_aNew York ; _aLondon : _bMcGraw-Hill Book Company, inc., _cc1940. |
||
| 300 |
_axiii, 432 p. _bill. ; _c24 cm. |
||
| 650 | 0 |
_aIndustrial efficiency. _9133537 |
|
| 650 | 0 |
_aTime and motion study _9159609 |
|
| 700 | 1 |
_aMaynard, Harold B. _9233094 |
|
| 700 | 1 |
_aStegemerten, G. J. _9158900 |
|
| 942 |
_2ddc _cBK |
||
| 999 |
_c53158 _d53158 |
||